000 00222 a2200097 4500
001 31494
100 _aMcgehee, Brad
245 _aUsing Microsoft SQL Server 7.0
260 _aNew Delhi
_bPHI
_c1999
090 _c21367
_d21367
942 _aNUST-CAE
_cM
_c12633
999 _c266567
_d266567